000 00690cam a2200181 a 4500
082 0 0 _a693.5
_bHUR
_cL-39. P-194
100 1 _aHurd, M. K.
_945369
245 1 0 _aFormwork for concrete /
_cby M.K. Hurd ; prepared under direction of ACI Committee 347, Formwork for Concrete.
250 _a6th ed.
260 _aDetroit :
_bAmerican Concrete Institute,
_cc1995.
300 _a1 v. (various pagings) :
_bill. ;
_c29 cm.
490 1 _aSpecial publication / American Concrete Institute ;
526 _a0
_b0
_c0
_d693_500000000000000_HUR
650 0 _aConcrete construction
_xFormwork.
_945142
650 0 _aMCE
_9379
710 2 _aACI Committee 347--Formwork for Concrete.
_945370
942 _2ddc
_cBK
999 _c548918
_d548918